00605 2200193 4500001002100000005001700021008004100038020002700079035002400106082001000130090002000140100002500160245009800185250001100283260003300294300002900327650003400356990002100390YOGYA-0213000000072920130219083901.0 ind  aISBN 978-602-7663-29-9 0010-021300000000729 a372.7 aDEP 372.7 Nur O aNURWANTI LISTYA DEWI aOtak-Atik Matematika untuk TK dan SD Kelas 1-3 /cNurwanti Listya Dewi; editor A.S. Sudjatna. aCet.1. aJogjakarta:bLaksana,c2012. a108 hlm.:bilus.;c23 cm aMatematika (Pendidikan Dasar) aCB-D.112012-1117